| 000 | 01673cam a2200361 i 4500 | ||
|---|---|---|---|
| 001 | ocn872420262 | ||
| 003 | OCoLC | ||
| 005 | 20250228071101.0 | ||
| 008 | 140308s2014 nyu 000 1 eng d | ||
| 020 | _a9780316210966 (hbk.) | ||
| 020 | _a031621096X (hbk.) | ||
| 035 | _a(OCoLC)872420262 | ||
| 040 |
_aBTCTA _beng _erda _cBTCTA _dBDX _dAZZPT _dWIM _dGK8 _dMCANN _dUPZ _dJSE _dTnLv ILS |
||
| 100 | 1 |
_aPatterson, James, _d1947- _eauthor. |
|
| 245 | 1 | 0 |
_aHope to die / _cJames Patterson. |
| 250 | _aFirst edition. | ||
| 264 | 1 |
_aNew York : _bLittle, Brown and Company, _c2014. |
|
| 300 |
_a374, 10 pages ; _c24 cm. |
||
| 336 |
_atext _btxt _2rdacontent. |
||
| 337 |
_aunmediated _bn _2rdamedia. |
||
| 338 |
_avolume _bnc _2rdacarrier. |
||
| 490 | 1 |
_aAlex Cross series ; _v[bk. 20] |
|
| 500 | _aSeries numbering from author's website. | ||
| 520 | _aDetective Alex Cross is being stalked by a psychotic genius, forced to play the deadliest game of his career. Cross's family--his loving wife Bree, the wise and lively Nana Mama, and his precious children--have been ripped away. Terrified and desperate, Cross must give this mad man what he wants if he has any chance of saving the most important people in his life. The stakes have never been higher: What will Cross sacrifice to save the ones he loves? | ||
| 600 | 1 | 0 |
_aCross, Alex _c(Fictitious character) _vFiction. |
| 650 | 0 |
_aAfrican American detectives _vFiction. |
|
| 651 | 0 |
_aWashington (D.C.) _vFiction. |
|
| 655 | 7 |
_aThrillers (Fiction) _2lcgft. |
|
| 655 | 7 |
_aDetective and mystery fiction. _2lcgft. |
|
| 800 | 1 |
_aPatterson, James, _d1947- _tAlex Cross series ; _vbk. 20. |
|
| 907 | _a.b32377006x | ||
| 942 | _cBK | ||
| 999 |
_c30534 _d30532 |
||